00410nam a2200181Ia 4500008004100000020001800041050001400059100001700073245002200090245001700112260001500129260001600144260000900160300001400169300002700183300001000210500000800220170918s9999 xx 000 0 und d a9780545854276 bP534 2014 aPham, LeUyen 2aA piece of cake / cLeUyen Pham. aNew York : bScholastic, c2014 aunpaged : bcolored illustration ; c24cm. a480